000 00353nam a2200133Ia 4500
005 20260328104340.0
008 260328s9999||||xx |||||||||||||| ||und||
100 _aBuchanan, William
245 0 _aMackintosh´s The Glasgow Master Work School Of Art /
_cWilliam Buchanan
260 _bChambers
300 _a217 p.
650 _aPLANOS
942 _cBK
999 _c12058
_d12058